000 00927nam a2200181 i 4500
001 156411
003 ES-MaACL
005 20230906210412.0
008 981230s1873 sp |||| | spa d
040 _aCCPB | B
_bspa
_cCCPB | B
100 1 _aJordana y Morera, José.
_966936
245 1 0 _aApuntes Bibliográfico-forestales ó sea Breve Resumen de los libros, folletos, artículos, impresos, manuscritos, mapas, planos y demás trabajos originales ó traducidos por autores españoles, relativos á la cria, cultivo, aprovechamiento, administracion, legislacion y economía de los montes, arbolados, plantíos, prados, caza y pesca... /
_cpor José Jordana y Morera.
260 _aMadrid :
_b[s.n.],
_c1873 (
_fEstablecimiento tipográfico de M. Minuesa)
300 _aV, 320 p. ;
_c23 cm.
650 4 _aSilvicultura-
_vBibliografías.
_9164073
752 _aEspaña -
_dMadrid
852 _aES-MaACL
_jG-11441
_z-- Enc. hol.
999 _c156411
_d156411